000 00443nam a2200181Ia 4500
005 20221207145136.0
008 131103s9999 xx 000 0 und d
040 _aLoreto College
041 _aEnglish
082 _a821.91
_bMAR
100 _aMarquis, Don
245 _aarchys life of mehitabel
_cDon Marquis
260 _aLondon
_bfaber & faber
_c[19?]
300 _a192p.
650 _aEnglish poetry
850 _aLCLIB
942 _cBK
999 _c21957
_d72436